Province d'Italia - "L'impiccato" casuale - Statistics

Statistiche generali
  • Questo quiz è stato fatto 685 volte
  • Il punteggio medio è 4 su 7
Statistiche sulle risposte
Lettera % Corretto
A
100%
A
100%
A
100%
A
100%
A
100%
A
100%
A
100%
A
100%
A
100%
A
100%
A
100%
A
100%
A
100%
A
100%
A
100%
A
100%
A
100%
A
100%
A
100%
A
100%
A
100%
A
100%
A
100%
A
100%
C
100%
C
100%
E
100%
E
100%
E
100%
E
100%
E
100%
E
100%
E
100%
E
100%
I
100%
I
100%
I
100%
I
100%
L
100%
L
100%
M
100%
N
100%
N
100%
N
100%
N
100%
O
100%
O
100%
O
100%
O
100%
O
100%
O
100%
P
100%
R
100%
R
100%
R
100%
R
100%
V
100%
A
90%
E
88%
O
88%
A
86%
A
86%
E
86%
A
83%
E
83%
E
83%
R
83%
A
80%
A
80%
A
80%
A
80%
B
80%
E
80%
E
80%
E
80%
I
80%
I
80%
I
80%
O
80%
P
80%
R
80%
R
80%
T
80%
I
78%
A
75%
C
75%
I
75%
N
75%
N
75%
O
75%
O
75%
O
75%
O
75%
O
75%
R
75%
S
75%
S
75%
T
75%
T
75%
A
71%
A
71%
E
71%
I
71%
N
71%
N
71%
V
71%
A
67%
E
67%
E
67%
E
67%
I
67%
I
67%
I
67%
I
67%
I
67%
I
67%
I
67%
M
67%
M
67%
O
67%
O
67%
P
67%
P
67%
R
67%
R
67%
R
67%
R
67%
S
67%
Z
67%
L
63%
E
60%
E
60%
E
60%
I
60%
M
60%
N
60%
O
60%
R
60%
R
60%
S
60%
S
60%
T
60%
T
60%
V
60%
V
60%
R
57%
E
56%
G
56%
B
50%
B
50%
C
50%
C
50%
E
50%
E
50%
F
50%
F
50%
G
50%
I
50%
I
50%
I
50%
L
50%
L
50%
M
50%
N
50%
N
50%
N
50%
N
50%
N
50%
N
50%
O
50%
O
50%
O
50%
O
50%
O
50%
P
50%
R
50%
R
50%
R
50%
R
50%
R
50%
R
50%
R
50%
R
50%
S
50%
S
50%
T
50%
T
50%
Z
50%
Z
50%
U
44%
B
43%
C
43%
E
43%
I
43%
S
43%
C
40%
N
40%
N
40%
P
40%
S
40%
S
40%
V
40%
B
33%
G
33%
L
33%
L
33%
N
33%
P
33%
R
33%
R
33%
S
33%
T
33%
T
33%
U
33%
Z
33%
N
29%
T
29%
V
29%
B
25%
G
25%
N
25%
T
25%
T
25%
Z
20%
C
14%
M
14%
N
14%
O
14%
Z
14%
D
0%
O
0%
S
0%
S
0%
S
0%
S
0%
T
0%
V
0%
Z
0%
Nessun quiz corrispondente trovato
Distribuzione punteggi
Percentuale di utenti per punteggio
Percentile per numero di risposta
I tuoi punteggi nel tempo
Non hai fatto questo quiz